000 00841 a2200253 4500
001 62134
005 20260407155915.0
008 260407a1988 arg spa d
003 AR-UNSa-BCEJYS
040 _aAR-UNSa-BCEJYS
_bspa
_cAR-UNSa-BCEJYS
080 _a352(460)
_xAdministración Municipal y Local de España
245 1 0 _aOrdenanzas municipales tipo
_pordenanza fiscal general y ocho ordenanzas específicas
020 _a978-84-7088-473-3
264 1 _aMadrid :
_bInstituto Nacional de Administración Pública (INAP)
_c1988
300 _a87 p.
_c24 cm.
041 _aspa
942 _cBK
590 _aniveau_biblio:m niveau_hierar:0
100 1 _aBarril Dosset, Rafael
700 1 _aParera Camos, Juan Pedro
700 1 _aCaballero Pastor, Pedro J.
700 1 _aMontes, César Martín
700 1 _aMendoza Pineda, Manuel
999 _c7577
_d7577